000 00527nam a22002057a 4500
003 DO-SdBNP
005 20211026141333.0
007 ta
008 210625e2015 dr ||||gr|||| 001 0 spa d
040 _aDO-SdBNP
_bspa
_cBNPHU
082 _222
_bC229a
245 0 0 _aCantando al amor de mis amores:
250 _a10a.ed.
260 _aSanto Domingo :
_bMSC,
_c2015.
300 _a72 p. ;
_c17 cm.
500 _aPara uso de las asociaciones laicales MSC.
590 _aInventariado 2021 /MF
910 _aMF
942 _2ddc
_cLBS1
999 _c50001
_d50001